00257nam a22001097a 450000500170000002000180001708200160003510000170005124500270006826000410009530000110013620260424122252.0 a9789383101276 a639.9 SHU.G aShukla, O.P. aGreen Transformation / aJaipur : bAgrotech press , cc2025. a256 p.